000
00300nam a22001337a 4500
003
SGT
082
_a
543 KAU
100
_a
KAUR,H
245
_a
INSTRUMENTAL METHODS OF CHEMICAL ANALYSIS
260
_a
MEERUT
_b
PRAGATI PRAKASHAN
_c
2016
300
_a
1176
650
_a
CHEMISTRY
942
_2
ddc
_c
FPS
_0
22
999
_c
10002
_d
10002